000 00311nam a22001217a 4500
008 260313b ||||| |||| 00| 0 eng d
041 _aeng
080 _82.1
_a2.1
100 _a22
101 _aEkonomi
245 _aFillimi dhe Bërja e Një Biznesi
_cMinistria e Tregëtisë dhe Industrisë
942 _2udc
_cBK
999 _c60896
_d60896